000 00383nam a2200157Ia 4500
008 230711s9999||||xx |||||||||||||| ||und||
041 _aENG
082 _a629.8
_bNI-C
100 _aNise,Norman.S
245 0 _aControl system engineering
250 _a1st Ed.
260 _c2004
_aNew York
_bJohn Wiley & Sons.Inc
300 _a983
650 _aElectrical Engineering
942 _cBK
999 _c4477
_d4477